000 00482nam a2200181Ia 4500
008 151018s9999 xx 000 0 und d
082 _bRBASDV12100
_a891.463
100 _aशंकर
245 _aजन अरण्य
250 _b1
260 _bअमेय प्रकाशन पुणे
_c1977
300 _a226
600 _aशंकर
630 _aजन अरण्य
700 _aशंकर
730 _aजन अरण्य
942 _cBOOK
999 _c1014353
_d1014350